000 00561nam a2200193Ia 4500
005 20250326144853.0
008 250326s9999 xx 000 0 und d
020 _a0-85297-511-2
037 _aTextbook
040 _aFMSL
_beng
_cFMSL
041 _aeng
_2eng
084 _aX:513 N9
_qFMSL
100 _aWatkins C
_9750239
245 0 _aMarketing,sales and customer services
_cWatkins C
260 _aUnited Kingdom
_bUnited Kingdom, Charted institute of Bankers
_c1999
300 _a345p
942 _cTB
_hX:513 N9
999 _c1305398
_d1305398